| 000 | 00556nam a2200217Ia 4500 | ||
|---|---|---|---|
| 003 | OSt | ||
| 005 | 20230410143945.0 | ||
| 008 | 210423s1989 xx 000 0 und d | ||
| 020 | _a8125904824 | ||
| 040 | _cAL | ||
| 041 | _aeng | ||
| 082 | _a515.35 BIRG | ||
| 100 |
_aBIRKHOFF (Garrett);ROTA (Gian-Carlo). _985421 |
||
| 245 | _aOrdinary differential equations. | ||
| 250 | _a4 | ||
| 260 |
_aNew York _bJohn Wiley & Sons _c1989 |
||
| 300 |
_axi,399 _bPB |
||
| 365 |
_b257 _cINR |
||
| 906 | _adifferential ; equations. ; Ordinary | ||
| 942 |
_2ddc _cBK |
||
| 999 |
_c158360 _d158360 |
||